[Event "Titled Tuesday intern op 23rd Apr Late"]
[Site "Chess.com INT"]
[Date "2024.04.23"]
[Round "2"]
[White "Jelcic, Marko"]
[Black "Wafa, Hamed"]
[Result "0-1"]
[WhiteElo "2182"]
[BlackElo "2374"]
[PlyCount "80"]
[EventDate "2024.04.23"]
[EventType "swiss (blitz)"]
[EventRounds "11"]
[EventCountry "USA"]
[SourceTitle "CB18_2024"]
[SourceDate "2024.05.01"]
[SourceVersion "1"]
[SourceVersionDate "2024.05.01"]
[SourceQuality "2"]

1. c4 e5 2. Nc3 Bb4 3. Nd5 Be7 4. g3 Nf6 5. Bg2 c6 6. Nxe7 Qxe7 7. d3 h6 8. e4 0-0 9. Ne2 b5 10. 0-0 bxc4 11. dxc4 Na6 12. h3 Nc5 13. Qc2 a5 14. Be3 Bb7 15. Rfd1 Rfd8 16. b3 Ne6 17. Rd2 c5 18. Nc3 Nd4 19. Bxd4 cxd4 20. Nd5 Bxd5 21. exd5 Qc5 22. Qf5 d6 23. g4 a4 24. Re1 axb3 25. axb3 Qb4 26. Red1 Qxb3 27. h4 Nh7 28. c5 dxc5 29. d6 Ra6 30. Be4 Nf8 31. d7 Qe6 32. Rc1 Qxf5 33. Bxf5 Nxd7 34. Bxd7 Rxd7 35. Rxc5 Re6 36. f3 e4 37. fxe4 Rxe4 38. Rg2 d3 39. Rc1 d2 40. Rd1 Re1+ 0-1

[Event "Titled Tuesday intern op 16th Apr Late"]
[Site "Chess.com INT"]
[Date "2024.04.16"]
[Round "1"]
[White "Arias Igual, Alejandro"]
[Black "Wafa, Hamed"]
[Result "0-1"]
[WhiteElo "2283"]
[BlackElo "2374"]
[PlyCount "68"]
[EventDate "2024.04.16"]
[EventType "swiss (blitz)"]
[EventRounds "11"]
[EventCountry "USA"]
[SourceTitle "CB17_2024"]
[SourceDate "2024.04.24"]
[SourceVersion "1"]
[SourceVersionDate "2024.04.24"]
[SourceQuality "1"]

1. e3 d5 2. Nf3 g6 3. c4 c6 4. Be2 Bg7 5. d4 Nf6 6. 0-0 0-0 7. Nc3 Bf5 8. b3 Ne4 9. Nxe4 Bxe4 10. Bb2 a5 11. a3 Nd7 12. cxd5 Bxd5 13. Bc4 Nf6 14. Qc2 Bxf3 15. gxf3 Nd5 16. f4 e6 17. Rfd1 Qh4 18. Bf1 Bf6 19. Bg2 Kh8 20. Qe2 Rg8 21. Qf3 Be7 22. Kh1 f5 23. Rac1 Bf6 24. Ba1 g5 25. fxg5 Rxg5 26. Bf1 Rag8 27. Be2 Be7 28. Rg1 Bd6 29. h3 Bg3 30. Rxg3 Rxg3 31. fxg3 Qxh3+ 32. Kg1 Rxg3+ 33. Qxg3 Qxg3+ 34. Kf1 Nxe3# 0-1

[Event "Titled Tuesday intern op 16th Apr Early"]
[Site "Chess.com INT"]
[Date "2024.04.16"]
[Round "4"]
[White "Grahn, Vidar"]
[Black "Wafa, Hamed"]
[Result "0-1"]
[WhiteElo "2247"]
[BlackElo "2374"]
[PlyCount "104"]
[EventDate "2024.04.16"]
[EventType "swiss (blitz)"]
[EventRounds "11"]
[EventCountry "USA"]
[SourceTitle "CB17_2024"]
[SourceDate "2024.04.24"]
[SourceVersion "1"]
[SourceVersionDate "2024.04.24"]
[SourceQuality "1"]

1. d4 g6 2. c4 Bg7 3. g3 d6 4. Bg2 Nf6 5. Nc3 0-0 6. Nf3 Bf5 7. Nh4 Bc8 8. Nf3 Nc6 9. 0-0 a6 10. b3 Rb8 11. d5 Na5 12. Bg5 h6 13. Bd2 c5 14. dxc6 Nxc6 15. Rc1 Bd7 16. Nd5 Kh7 17. Bc3 Nxd5 18. cxd5 Ne5 19. Nxe5 dxe5 20. Qd2 Qb6 21. e3 Rbc8 22. Rfd1 Bg4 23. f3 Bd7 24. Kh1 h5 25. f4 exf4 26. Bxg7 Kxg7 27. exf4 Bg4 28. Re1 Qf6 29. h3 Bf5 30. Qe2 Rxc1 31. Rxc1 Qd6 32. Qe5+ Qxe5 33. fxe5 Rc8 34. Rxc8 Bxc8 35. Kg1 f6 36. e6 f5 37. Kf2 Kf6 38. Ke3 Ke5 39. Kd3 g5 40. Bf3 b6 41. h4 g4 42. Bg2 Bb7 43. d6 Be4+ 44. Bxe4 fxe4+ 45. Ke3 Kxd6 46. Kxe4 Kxe6 47. Kf4 Kf6 48. a3 e5+ 49. Ke4 Ke6 50. Ke3 Kd5 51. Kd3 e4+ 52. Ke3 Ke5 0-1

[Event "Titled Tuesday intern op 13th Feb Early"]
[Site "Chess.com INT"]
[Date "2024.02.13"]
[Round "8"]
[White "Martinez Pla, Xavier"]
[Black "Wafa, Hamed"]
[Result "0-1"]
[WhiteElo "2247"]
[BlackElo "2397"]
[PlyCount "94"]
[EventDate "2024.02.13"]
[EventType "swiss (blitz)"]
[EventRounds "11"]
[EventCountry "USA"]
[SourceTitle "CB08_2024"]
[SourceDate "2024.02.21"]
[SourceVersion "1"]
[SourceVersionDate "2024.02.21"]
[SourceQuality "1"]

1. e4 e5 2. Nf3 Nc6 3. d4 exd4 4. Nxd4 Bc5 5. Nb3 Bb6 6. Qe2 Nge7 7. Nc3 0-0 8. Bg5 f6 9. Bf4 Ng6 10. Bg3 d6 11. 0-0-0 Be6 12. f4 f5 13. exf5 Bxf5 14. Qc4+ Kh8 15. Bd3 Bxd3 16. Rxd3 Qf6 17. Nd5 Qf7 18. Nxb6 axb6 19. Qxf7 Rxf7 20. a3 Nxf4 21. Bxf4 Rxf4 22. Re1 Ne5 23. Rc3 c6 24. Rg3 Raf8 25. Nd2 h6 26. Ne4 d5 27. Nd6 Rf1 28. Rge3 Ng4 29. Re8 Rxe8 30. Rxf1 Re7 31. h3 Ne3 32. Rf2 b5 33. b3 Kg8 34. Kd2 d4 35. g4 Nd5 36. Nf5 Re4 37. Kd3 Rf4 38. Re2 c5 39. Re8+ Kf7 40. Rd8 Nc3 41. Rd7+ Ke6 42. Rxb7 Rf3+ 43. Kd2 g6 44. Nxh6 Rxh3 45. g5 Rh2+ 46. Kc1 Rh1+ 47. Kd2 Rd1# 0-1

[Event "Titled Tuesday intern op 13th Feb Late"]
[Site "Chess.com INT"]
[Date "2024.02.13"]
[Round "6"]
[White "Veiga, Jose Francisco RP"]
[Black "Wafa, Hamed"]
[Result "1-0"]
[WhiteElo "2364"]
[BlackElo "2397"]
[PlyCount "157"]
[EventDate "2024.02.13"]
[EventType "swiss (blitz)"]
[EventRounds "11"]
[EventCountry "USA"]
[SourceTitle "CB08_2024"]
[SourceDate "2024.02.21"]
[SourceVersion "1"]
[SourceVersionDate "2024.02.21"]
[SourceQuality "1"]

1. c4 e6 2. Nc3 Bb4 3. Nf3 Bxc3 4. dxc3 f5 5. Bg5 Nf6 6. e3 0-0 7. Bd3 b6 8. 0-0 Bb7 9. a4 a5 10. h3 h6 11. Bf4 d6 12. Bh2 Nbd7 13. Nd4 Qe7 14. Be2 Ne4 15. Bf3 Ne5 16. Be2 Ba6 17. f3 Nc5 18. b4 Ncd7 19. Qb3 Kh8 20. Rfe1 c5 21. Nb5 Bxb5 22. axb5 cxb4 23. cxb4 axb4 24. Qxb4 Nc5 25. Red1 g5 26. Rxa8 Rxa8 27. Qd2 Nb7 28. Qd4 Ra2 29. Bf1 Nc5 30. Qxd6 Qxd6 31. Rxd6 Ned7 32. h4 Kg8 33. hxg5 hxg5 34. e4 f4 35. g3 Ne5 36. Bg2 Ncd3 37. gxf4 Ra1+ 38. Bf1 gxf4 39. Kg2 Ne1+ 40. Kf2 N1xf3 41. Bxf4 Kf7 42. Rxb6 Ra2+ 43. Kg3 Ra1 44. Bh3 Ra3 45. Kf2 Ra2+ 46. Kg3 Ra3 47. Bxe6+ Ke7 48. Kf2 Ra2+ 49. Ke3 Ra3+ 50. Kf2 Ra2+ 51. Kg3 Ra3 52. Bd5 Nd4+ 53. Kh4 Nef3+ 54. Kg4 Ra1 55. Rb7+ Ke8 56. Be3 Re1 57. Bxd4 Nxd4 58. c5 Rc1 59. c6 Kd8 60. Rd7+ Kc8 61. Rh7 Nxb5 62. e5 Rg1+ 63. Kf5 Rf1+ 64. Ke6 Nd4+ 65. Kd6 Nb5+ 66. Kc5 Nc3 67. e6 Rf5 68. Rh8+ Kc7 69. e7 Nxd5 70. e8Q Nf6+ 71. Kc4 Nxe8 72. Rxe8 Kxc6 73. Re6+ Kd7 74. Re4 Rf3 75. Rd4+ Ke6 76. Re4+ Kd6 77. Rh4 Rf6 78. Kd4 Rh6 79. Rxh6+ 1-0

[Event "Titled Tuesday intern op 13th Feb Early"]
[Site "Chess.com INT"]
[Date "2024.02.13"]
[Round "4"]
[White "Wafa, Hamed"]
[Black "Demchenko, Anton"]
[Result "0-1"]
[WhiteElo "2397"]
[BlackElo "2609"]
[PlyCount "104"]
[EventDate "2024.02.13"]
[EventType "swiss (blitz)"]
[EventRounds "11"]
[EventCountry "USA"]
[SourceTitle "CB08_2024"]
[SourceDate "2024.02.21"]
[SourceVersion "1"]
[SourceVersionDate "2024.02.21"]
[SourceQuality "1"]

1. e4 e5 2. Nf3 Nc6 3. Nc3 Nf6 4. Bb5 Bd6 5. 0-0 0-0 6. d3 Re8 7. Ne2 a6 8. Bxc6 dxc6 9. Ng3 Nd7 10. h3 Nf8 11. Nd2 b5 12. Nf5 Ne6 13. Re1 Bf8 14. Nf1 f6 15. a4 Bb7 16. b3 Qd7 17. N1g3 Rad8 18. h4 g6 19. Ne3 h5 20. Qf3 Qf7 21. Bb2 Bc5 22. Ne2 Kg7 23. Qg3 Kh7 24. Qf3 Rf8 25. Kh2 Rd7 26. Rg1 Nd4 27. Nxd4 exd4 28. Nf1 f5 29. exf5 Qxf5 30. Qxf5 Rxf5 31. f3 Bd6+ 32. g3 Rxf3 33. Nd2 Rf2+ 34. Rg2 Rxg2+ 35. Kxg2 c5+ 36. Kh2 Re7 37. Ne4 Bxe4 38. dxe4 Rxe4 39. axb5 axb5 40. Rg1 Kg8 41. Rg2 Kf7 42. Rf2+ Ke6 43. Kg2 Re3 44. Rf3 Kd5 45. Rxe3 dxe3 46. Kf3 c4 47. Bc3 Bc5 48. Bf6 cxb3 49. cxb3 Bd4 50. Be7 c5 51. Bg5 c4 52. bxc4+ Kxc4 0-1

[Event "Titled Tuesday intern op 09th Jan Early"]
[Site "Chess.com INT"]
[Date "2024.01.09"]
[Round "2"]
[White "Buchenau, Frank"]
[Black "Wafa, Hamed"]
[Result "0-1"]
[WhiteElo "2135"]
[BlackElo "2397"]
[PlyCount "84"]
[EventDate "2024.01.09"]
[EventType "swiss (blitz)"]
[EventRounds "11"]
[EventCountry "USA"]
[SourceTitle "CB03_2024"]
[SourceDate "2024.01.17"]
[SourceVersion "1"]
[SourceVersionDate "2024.01.17"]
[SourceQuality "1"]

1. e4 c5 2. Nf3 a6 3. g3 Nc6 4. Bg2 g6 5. 0-0 Bg7 6. c3 d6 7. d4 cxd4 8. cxd4 Bg4 9. d5 Nd4 10. Nc3 Nxf3+ 11. Bxf3 Bxf3 12. Qxf3 Nf6 13. a4 0-0 14. Be3 Nd7 15. Qe2 Rc8 16. a5 Ne5 17. Ra4 Qd7 18. Rb4 Ng4 19. Ba7 Bxc3 20. bxc3 Rxc3 21. Rfb1 Ne5 22. Kg2 Rfc8 23. Rxb7 Qa4 24. Rb8 Rxb8 25. Rxb8+ Kg7 26. Rb2 Rc4 27. f3 Qxa5 28. f4 Qa4 29. fxe5 Rxe4 30. Qf2 dxe5 31. Re2 Rxe2 32. Qxe2 f6 33. Qd2 Qd7 34. Be3 Kf7 35. h3 Qb5 36. Qa2 Kf8 37. g4 a5 38. Kf3 a4 39. h4 Qf1+ 40. Bf2 Qd3+ 41. Kg2 a3 42. g5 f5 0-1

[Event "Titled Tuesday intern op 09th Jan Early"]
[Site "Chess.com INT"]
[Date "2024.01.09"]
[Round "8"]
[White "Marn, Jan"]
[Black "Wafa, Hamed"]
[Result "1-0"]
[WhiteElo "2322"]
[BlackElo "2397"]
[PlyCount "111"]
[EventDate "2024.01.09"]
[EventType "swiss (blitz)"]
[EventRounds "11"]
[EventCountry "USA"]
[SourceTitle "CB03_2024"]
[SourceDate "2024.01.17"]
[SourceVersion "1"]
[SourceVersionDate "2024.01.17"]
[SourceQuality "1"]

1. b3 e5 2. Bb2 Nc6 3. e3 d5 4. Bb5 Bd6 5. Nf3 f6 6. c4 a6 7. Ba4 b5 8. cxb5 Nb4 9. 0-0 Bd7 10. bxa6 Bxa4 11. bxa4 Nd3 12. Qb3 Nxb2 13. Qxb2 Ne7 14. Nc3 c6 15. Rab1 Rxa6 16. Qc2 0-0 17. Rb3 Ra7 18. Rfb1 Qc7 19. h3 Rfa8 20. d3 g6 21. Nd2 Kf7 22. R1b2 Qa5 23. e4 Qc5 24. exd5 cxd5 25. Nb5 Qxc2 26. Rxc2 Ra6 27. Nxd6+ Rxd6 28. Rb7 Ke6 29. Rcc7 Nc6 30. Nb3 e4 31. d4 Rad8 32. g4 f5 33. g5 f4 34. Rf7 Nxd4 35. Nxd4+ Ke5 36. Ne2 f3 37. Ng3 d4 38. Rbe7+ Re6 39. Rxe6+ Kxe6 40. Rf4 Ke5 41. Rxe4+ Kd5 42. Re1 Ra8 43. Rd1 Rxa4 44. Nf1 Rxa2 45. Nd2 Ra3 46. Kf1 Rd3 47. Ke1 Kd6 48. Ne4+ Ke5 49. Rxd3 Kxe4 50. Kd2 Kf4 51. h4 Ke4 52. Ra3 Kf4 53. Ra4 Ke4 54. Rb4 Kf4 55. Rxd4+ Kf5 56. Ke3 1-0

[Event "Titled Tuesday intern op 24th Oct Late"]
[Site "Chess.com INT"]
[Date "2023.10.24"]
[Round "2"]
[White "Balla, Tamas Kristof"]
[Black "Wafa, Hamed"]
[Result "1-0"]
[WhiteElo "2308"]
[BlackElo "2213"]
[PlyCount "125"]
[EventDate "2023.10.24"]
[EventType "swiss (blitz)"]
[EventRounds "11"]
[EventCountry "USA"]
[SourceTitle "Mega2024 Update 01"]
[Source "Chessbase"]
[SourceDate "2023.11.12"]
[SourceVersion "1"]
[SourceVersionDate "2023.11.12"]
[SourceQuality "1"]

1. e4 e5 2. Nf3 Nc6 3. d4 exd4 4. Nxd4 Bc5 5. Nb3 Bb6 6. Nc3 Nge7 7. Qe2 0-0 8. Be3 f5 9. f3 f4 10. Bxb6 axb6 11. 0-0-0 Ne5 12. Kb1 N7c6 13. Nd5 d6 14. Qd2 Ng6 15. h4 h5 16. Nd4 Nxd4 17. Qxd4 Be6 18. Bc4 Ne5 19. Bb3 Qd7 20. Nxc7 Bxb3 21. Nxa8 Bxa2+ 22. Kxa2 Rxa8+ 23. Kb1 Kh8 24. Qxe5 Ra1+ 25. Kxa1 Qa4+ 26. Kb1 dxe5 27. Rd5 Qc4 28. Rxe5 Qe2 29. Rxh5+ Kg8 30. Rg5 b5 31. h5 Kf7 32. b3 b4 33. Rf5+ Ke6 34. Rxf4 Qxg2 35. Rd1 Qe2 36. Rd3 Qe1+ 37. Kb2 Qh1 38. Rf5 Qh4 39. Rfd5 Qf6+ 40. e5 Qf4 41. Rd6+ Ke7 42. Rd7+ Ke6 43. R7d6+ Ke7 44. e6 Qe5+ 45. R3d4 Qe1 46. Rd7+ Ke8 47. e7 Qc3+ 48. Kc1 Qe1+ 49. Rd1 Qe3+ 50. Kb1 Qxf3 51. Re1 Kxd7 52. e8Q+ Kc7 53. Qe5+ Kb6 54. Qe6+ Ka7 55. Qe4 Qf7 56. Qxb4 Qxh5 57. Qd4+ Ka6 58. Rd1 b6 59. Qc4+ b5 60. Qc6+ Ka5 61. Qc7+ Kb4 62. Rd4+ Ka3 63. Qa5# 1-0

[Event "Titled Tuesday intern op 24th Oct Late"]
[Site "Chess.com INT"]
[Date "2023.10.24"]
[Round "1"]
[White "Wafa, Hamed"]
[Black "Schut, Han"]
[Result "1/2-1/2"]
[WhiteElo "2213"]
[BlackElo "2091"]
[PlyCount "176"]
[EventDate "2023.10.24"]
[EventType "swiss (blitz)"]
[EventRounds "11"]
[EventCountry "USA"]
[SourceTitle "Mega2024 Update 01"]
[Source "Chessbase"]
[SourceDate "2023.11.12"]
[SourceVersion "1"]
[SourceVersionDate "2023.11.12"]
[SourceQuality "1"]

1. e4 c5 2. Nf3 d6 3. Bb5+ Bd7 4. Bxd7+ Qxd7 5. 0-0 Nf6 6. d4 cxd4 7. Qxd4 Nc6 8. Qd3 Rc8 9. c4 g6 10. b3 Bg7 11. Bb2 0-0 12. Nbd2 a6 13. h3 Qd8 14. Rfd1 Qa5 15. a3 Qh5 16. Nf1 b5 17. Ng3 Qc5 18. Rac1 bxc4 19. Rxc4 Qb6 20. Rdc1 Qb7 21. b4 a5 22. Qb3 axb4 23. R4c2 Na5 24. Qxb4 Qxb4 25. axb4 Rxc2 26. Rxc2 Nb7 27. Rc7 Rb8 28. Rxe7 Nd5 29. exd5 Bxb2 30. Ng5 Bf6 31. Rxf7 Bxg5 32. Rd7 Bf4 33. Ne4 Be5 34. g3 Nd8 35. f4 Bd4+ 36. Kg2 Nf7 37. Nxd6 Nxd6 38. Rxd6 Rxb4 39. Kf3 Bc5 40. Rc6 Bf8 41. g4 Rd4 42. Ke3 Rxd5 43. Ke4 Rd6 44. Rc3 Kf7 45. h4 Be7 46. h5 gxh5 47. gxh5 Re6+ 48. Kf5 Rf6+ 49. Kg4 Bd6 50. Rc4 Re6 51. Ra4 Kf6 52. Ra5 Re4 53. Rf5+ Ke6 54. h6 Be7 55. Rb5 Bd6 56. Rf5 Be7 57. Ra5 Re1 58. Ra6+ Kf7 59. Kf5 Rh1 60. Rc6 Rh5+ 61. Kg4 Rc5 62. Ra6 Rc4 63. Kf5 Rc5+ 64. Kg4 Rd5 65. Rb6 Rd6 66. Rxd6 Bxd6 67. Kg5 Be7+ 68. Kf5 Bf6 69. Kg4 Kg6 70. f5+ Kf7 71. Kh3 Bg5 72. Kg2 Bxh6 73. Kh1 Kf6 74. Kg1 Bf4 75. Kh1 Kg5 76. Kg1 h5 77. Kh1 h4 78. Kg1 h3 79. Kh1 Kg4 80. f6 Bd6 81. f7 Bf8 82. Kg1 Kh4 83. Kh2 Kg4 84. Kh1 Bd6 85. Kg1 Kg3 86. Kh1 Bf8 87. Kg1 h2+ 88. Kh1 Kh3 1/2-1/2

[Event "Titled Tuesday intern op 26th Sep Late"]
[Site "Chess.com INT"]
[Date "2023.09.26"]
[Round "3"]
[White "Wafa, Hamed"]
[Black "Roienko, Artur"]
[Result "1-0"]
[WhiteElo "2211"]
[BlackElo "2162"]
[PlyCount "47"]
[EventDate "2023.09.26"]
[EventType "swiss (blitz)"]
[EventRounds "11"]
[EventCountry "USA"]
[SourceTitle "EXT 2024"]
[Source "ChessBase"]
[SourceDate "2023.10.10"]
[SourceVersion "1"]
[SourceVersionDate "2023.10.10"]
[SourceQuality "1"]

1. e4 e6 2. d4 d5 3. e5 c5 4. c3 Qb6 5. Nf3 Nc6 6. Be2 cxd4 7. cxd4 Nh6 8. Bxh6 Qxb2 9. 0-0 Qxa1 10. Qb3 gxh6 11. Nc3 Qxf1+ 12. Bxf1 Be7 13. Bd3 f5 14. exf6 Bxf6 15. Nb5 0-0 16. Qd1 e5 17. Nc7 Rb8 18. dxe5 Nxe5 19. Nxd5 Nxf3+ 20. Qxf3 Bg7 21. Ne7+ Kh8 22. Qe4 Bf5 23. Nxf5 Rbe8 24. Ne7 1-0

[Event "Titled Tuesday intern op 26th Sep Late"]
[Site "Chess.com INT"]
[Date "2023.09.26"]
[Round "10"]
[White "Wafa, Hamed"]
[Black "Tifferet, Shaked"]
[Result "0-1"]
[WhiteElo "2211"]
[BlackElo "2280"]
[PlyCount "118"]
[EventDate "2023.09.26"]
[EventType "swiss (blitz)"]
[EventRounds "11"]
[EventCountry "USA"]
[SourceTitle "EXT 2024"]
[Source "ChessBase"]
[SourceDate "2023.10.10"]
[SourceVersion "1"]
[SourceVersionDate "2023.10.10"]
[SourceQuality "1"]

1. e4 c5 2. Nf3 d6 3. Bb5+ Nd7 4. a4 e5 5. 0-0 Ngf6 6. Nc3 Be7 7. d3 0-0 8. a5 Nb8 9. Bg5 Bg4 10. h3 Bxf3 11. Qxf3 Nc6 12. a6 Nd4 13. Qd1 Rb8 14. axb7 Rxb7 15. b3 Nxb5 16. Nxb5 Rxb5 17. Rxa7 h6 18. Bd2 Re8 19. Qa1 Bf8 20. Qa4 Rb8 21. Ba5 Qc8 22. Rc7 Qa6 23. Ra1 Qb5 24. Qxb5 Rxb5 25. Bd2 Rbb8 26. Raa7 Ra8 27. Rxf7 Rxa7 28. Rxa7 Be7 29. f4 exf4 30. Bxf4 Bf8 31. Ra6 d5 32. e5 Nh5 33. Bh2 g5 34. Kf2 Nf4 35. Bxf4 gxf4 36. e6 Kg7 37. Kf3 Kf6 38. e7+ Kxe7 39. Kxf4 Bg7 40. Ra7+ Kf6 41. g4 Kg6 42. Ra6+ Bf6 43. h4 Kf7 44. Ra7+ Re7 45. Rxe7+ Bxe7 46. g5 hxg5+ 47. hxg5 Ke6 48. c3 Bd6+ 49. Kg4 Be5 50. c4 d4 51. g6 Kf6 52. g7 Kxg7 53. Kf5 Bg3 54. Ke6 Be1 55. Ke7 Bb4 56. Ke6 Kg6 57. Ke5 Kg5 58. Ke4 Kg4 59. Ke5 Kf3 0-1

[Event "Titled Tuesday intern op 26th Sep Late"]
[Site "Chess.com INT"]
[Date "2023.09.26"]
[Round "1"]
[White "Wafa, Hamed"]
[Black "Zimmermann, Ulrich"]
[Result "1-0"]
[WhiteElo "2211"]
[BlackElo "2280"]
[PlyCount "57"]
[EventDate "2023.09.26"]
[EventType "swiss (blitz)"]
[EventRounds "11"]
[EventCountry "USA"]
[SourceTitle "EXT 2024"]
[Source "ChessBase"]
[SourceDate "2023.10.10"]
[SourceVersion "1"]
[SourceVersionDate "2023.10.10"]
[SourceQuality "1"]

1. e4 e6 2. d4 d5 3. e5 c5 4. c3 Nc6 5. Nf3 Bd7 6. Be2 Rc8 7. 0-0 h6 8. Be3 Nge7 9. dxc5 Ng6 10. Bd4 Qc7 11. Bb5 Ncxe5 12. Nxe5 Nxe5 13. Bxe5 Qxe5 14. Bxd7+ Kxd7 15. Re1 Qf4 16. g3 Qc4 17. Qf3 f6 18. b4 b6 19. Nd2 Qa6 20. c4 d4 21. b5 Qa5 22. c6+ Kc7 23. Nb3 Qc3 24. Qg4 Qxc4 25. Rxe6 Rd8 26. Rae1 Kb8 27. Qf4+ Kc8 28. Re7 Bxe7 29. Rxe7 1-0